Capitales de Ecuador - Estadísticas

Estadísticas generales
  • Esta prueba ha sido intentada 116 veces
  • La puntuación promedio es 17 de 24
Estadísticas de respuestas
Provincias Capitales % Correcto
Pichincha Quito
98%
Guayas Guayaquil
93%
Azuay Cuenca
91%
Loja Loja
89%
Esmeraldas Esmeraldas
84%
Santo Domingo de Tsáchilas Santo Domingo
82%
El Oro Machala
80%
Santa Elena Santa Elena
78%
Tungurahua Ambato
76%
Imbabura Ibarra
75%
Manabí Portoviejo
75%
Carchi Tulcán
75%
Napo Tena
73%
Chimborazo Riobamba
71%
Zamora Chinchipe Zamora
67%
Cotopaxi Latacunga
62%
Bolívar Guaranda
58%
Sucumbíos Nueva Loja
58%
Pastaza Puyo
58%
Cañar Azogues
56%
Los Ríos Babahoyo
56%
Galápagos Puerto Baquerizo Moreno
56%
Morona Santiago Macas
53%
Orellana Francisco de Orellana
49%
No se encontraron pruebas coincidentes
Distribución de puntuación
Porcentaje de gente con cada puntuación
Porcentaje por número respondido
Historial de tus puntuaciones
No has intentado esta prueba.